Leasehold and Freehold Reform Bill 2023 (Record no. 121730)
[ view plain ]
| 000 -LEADER | |
|---|---|
| fixed length control field | 02208nam a22002657a 4500 |
| 008 - FIXED-LENGTH DATA ELEMENTS--GENERAL INFORMATION | |
| fixed length control field | 231211s2023 xxk|||||ol|||o00| 0 eng d |
| 041 ## - LANGUAGE CODE | |
| Language code of text/sound track or separate title | eng |
| 110 ## - MAIN ENTRY--CORPORATE NAME | |
| Corporate author | Parliament |
| 245 ## - TITLE STATEMENT | |
| Title | Leasehold and Freehold Reform Bill 2023 |
| 260 ## - PUBLICATION INFORMATION | |
| Date | 2023 |
| 520 ## - ABSTRACT | |
| Abstract | Long title: A Bill To Amend the rights of tenants under long residential leases to acquire the freeholds of their houses, to extend the leases of their houses or flats, and to collectively enfranchise or manage the buildings containing their flats, to give such tenants the right to reduce the rent payable under their leases to a peppercorn, to regulate charges and costs payable by residential tenants, to regulate residential estate management and to regulate rent charges. |
| 520 ## - ABSTRACT | |
| Abstract | The Leasehold and Freehold Reform Bill will deliver on the government’s manifesto commitments on leasehold reform. The Bill will make the long-term and necessary changes to improve homeownership for millions of leaseholders in England and Wales, by making it cheaper and easier for more leaseholders to extend their lease, buy their freehold and take over management of their building. Increase the standard lease extension term for houses and flats to 990-years (up from 90 years in flats, and 50 years in houses), with ground rent reduced to a peppercorn (zero financial value) upon payment of a premium. protecting leaseholders by extending the measures in the Building Safety Act 2022 to ensure it operates as intended. Ban the sale of new leasehold houses so that - other than in exceptional circumstances - every new house in England and Wales will be freehold from the outset. |
| 650 ## - KEYWORDS | |
| Keywords | BUILDING SAFETY ACT 2022 |
| 650 ## - KEYWORDS | |
| Keywords | HOUSING |
| 650 ## - KEYWORDS | |
| Keywords | LEASEHOLD PROPERTIES |
| 650 ## - KEYWORDS | |
| Keywords | PEPPERCORN RENTS |
| 650 ## - KEYWORDS | |
| Keywords | RESIDENTIAL PROPERTY |
| 651 ## - SUBJECT ADDED ENTRY--GEOGRAPHIC NAME | |
| Geographic name | England |
| 651 ## - SUBJECT ADDED ENTRY--GEOGRAPHIC NAME | |
| Geographic name | Wales |
| 690 ## - BROAD SUBJECT | |
| 9 (RLIN) | 6266 |
| Broad subject | Residential property |
| 856 ## - ONLINE RESOURCE | |
| Uniform Resource Identifier | <a href="https://publications.parliament.uk/pa/bills/cbill/58-04/0013/230013.pdf">https://publications.parliament.uk/pa/bills/cbill/58-04/0013/230013.pdf</a> |
| Public note | Bill as enacted |
| 856 ## - ONLINE RESOURCE | |
| Uniform Resource Identifier | <a href="https://bills.parliament.uk/bills/3523">https://bills.parliament.uk/bills/3523</a> |
| Public note | Progress of Bill page |
| 856 ## - ONLINE RESOURCE | |
| Uniform Resource Identifier | <a href="https://www.gov.uk/guidance/guide-to-the-leasehold-and-freehold-reform-bill">https://www.gov.uk/guidance/guide-to-the-leasehold-and-freehold-reform-bill</a> |
| Public note | Guide to the Bill |
| 942 ## - ADDED ENTRY ELEMENTS (KOHA) | |
| Suppress in OPAC | Do not suppress in OPAC |
| Lost status | Damaged status | Not for loan | Home library | Current library | Shelving location | Date acquired | Total Checkouts | Full call number | Date last seen | Price effective from | Koha item type |
|---|---|---|---|---|---|---|---|---|---|---|---|
| Virtual | Virtual | Online | 11/12/2023 | LEGISLATION | 11/12/2023 | 11/12/2023 | Online material |